| 000 | 00404nam a2200133Ia 4500 | ||
|---|---|---|---|
| 008 | 260210s9999 xx 000 0 und d | ||
| 024 | _a01b-40-BCS3 & 01b-10BCS3 | ||
| 082 | _a005.23320412072 MAD | ||
| 100 | _aMadhia Masroor & Sadaf Rizvi | ||
| 245 | 0 | _aInventory Control System | |
| 260 |
_aKarachi: _bUITU, _c2001 |
||
| 600 | _aComputer Science | ||
| 650 | _aBachelor of Computer Science (BS) | ||
| 999 |
_c31749 _d31749 |
||